| 000 | 00651nam a2200229Ia 4500 | ||
|---|---|---|---|
| 001 | 3004 | ||
| 003 | GE_BSU | ||
| 008 | 181216s||||||||xx |||||||||||||| ||und|| | ||
| 020 | _a5211029275 | ||
| 040 | _cGE_BSU | ||
| 080 | _a330.1(075.8) | ||
| 100 | _aДорнбуш, Р. С. Фишер | ||
| 245 | _aМакроэкономика=Macroeconomics | ||
| 245 | _cНаучные редакторы перевода: О. О. Замков, А. Р. Марков, | ||
| 260 | _aМосква | ||
| 260 | _bИзд-во МГУ | ||
| 260 | _c1997 | ||
| 300 | _a784 с. 21 см. | ||
| 541 | _h17 л. | ||
| 653 | _aМакроэкономика | ||
| 942 | _cBK | ||
| 999 |
_c37050 _d37050 |
||